Migración intrarregional de mano de obra calificada /

De partida, el autor afirma que los estudios sobre la migración de mano de obra calificada se centró, desde el inicio, en las posibles consecuencias, ante la necesidad de evaluar sus efectos sobre el bienestar social y económico de los países de origen, y solo posteriormente ha considerado los facto...

全面介紹

Guardado en:
書目詳細資料
主要作者: Martínez, Jorge
格式: Texto
主題:
標簽: 添加標簽
沒有標簽, 成為第一個標記此記錄!

MARC

LEADER 00000 a a2200000 04500
001 15823
003
040
100 |a Martínez, Jorge  
245 |a Migración intrarregional de mano de obra calificada /  |c Jorge Martínez  
520 |a De partida, el autor afirma que los estudios sobre la migración de mano de obra calificada se centró, desde el inicio, en las posibles consecuencias, ante la necesidad de evaluar sus efectos sobre el bienestar social y económico de los países de origen, y solo posteriormente ha considerado los factores que lo desencadenan. Por diferentes razones, los estudios han prestado escasa atención a las migraciones entre países en desarrollo. Pero, aún así, de esos mismos estudios se desprende la necesidad de incorporar al tema la migración de mano de obra calificada que ocurre entre esos países. En este trabajo se trata de responder a algunas inquietudes a ese respecto y en relación con los países de América Latina, a saber: I.- Dado que la emigración de mano de obra calificada parece significar una pérdida social y económica, el interés por estudiar esta migración en sus causas y consecuencias puede extenderse a la que ocurre entre países industrializados II.- Es preciso conocer mejor la migración de recursos humanos calificados entre los países latinoamericanos, con sus posibles rasgos específicos y las características y magnitud de las corrientes de migrantes calificados y, III.- Es fundamental cotejar los aspectos anteriores con las actitudes oficiales de los gobiernos frente a la migración internacional para saber en qué medida la preocupación por la migración de mano de obra calificada entre los países latinoamericanos se ha sumado a la inquietud por el éxodo intelectual hacia países desarrollados, así como para comprobar si en realidad se han buscado soluciones al problemas general de la emigración de recursos humanos calificados y para conocer la correspondencia entre lo que se observa en algunos países con la respuesta de sus gobiernos. Para enfrentar tales inquietudes, el trabajo pasa revista a los principales aspectos de la migración internacional de mano de obra calificada entre los países de América Latina, analiza sus causas y consecuencias, y hace algunos alcances teóricos sobre la importancia de esta migración y la actitud que han tenido los gobiernos a través de las reacciones oficiales ante la migración internacional y de mano de obra calificada dentro de la región, en particular. MB/MR  
650 |a MIGRACION INTERNACIONAL  
650 |a TRABAJADORES CALIFICADOS  
650 |a MIGRACION INTERNACIONAL  
650 |a TRABAJADORES MIGRATORIOS  
650 |a PERSONAL TECNICO  
650 |a POLITICA MIGRATORIA  
650 |a EMIGRANTES  
650 |a INMIGRANTES  
650 |a TRABAJADORES MIGRATORIOS  
650 |a TRABAJADORES CALIFICADOS  
773 |g número 50; páginas 127-145  
999 |c 20986  |d 20986 
773 0 |0 18890  |9 6174  |a Comisión Económica para América Latina y el Caribe  |d Santiago, Chile: Comisión Económica para América Latina y el Caribe  |o MFN: 3669  |t Revista de la CEPAL /